000 01263nam a22002057a 4500
999 _c19961
_d19961
005 20251125232919.0
008 s2541 th tha d
040 _aNALT
041 _atha
245 1 0 _aหนังสือที่ระลึกในการที่รัฐสภาได้รับพระราชทานผ้าพระกฐินไปถวายพระภิกษุที่จำพรรษา ณ วัดไตรมิตรวิทยารามวรวิหาร กรุงเทพมหานคร วันที่ 16 ตุลาคม 2541
260 3 _aกรุงเทพฯ :
_bกองการพิมพ์ สำนักงานเลขาธิการสภาผู้แทนราษฎร,
_c2541
300 _a203 หน้า :
_b ภาพประกอบ, ตาราง ;
_c 21 ซม.
650 0 4 _aวัดไตรมิตรวิทยารามวรวิหาร
650 0 4 _aรัฐธรรมนูญ -- ไทย -- 2540
850 _aNALT
856 4 0 _uhttps://hdl.handle.net/20.500.14156/467840
942 _cLB
_2lcc
998 _j25
_k นีลวัสน์ อินทรักษา
090 _aKD 32/2540 ส226ห 2541